000
00297nam a2200145Ia 4500
100
_a
Sklar/Joel
942
_c
BK
654
_a
web design
245
_a
Principles of Web design
260
_b
Thomsan Learning
_c
2000
082
_a
4.65
_b
SKL
300
_a
288
546
_a
ENGLISH
999
_c
33077
_d
33077